000 00512nam a2200193Ia 4500
003 GCL
008 140319s9999 xx 000 0 eng d
040 _aGCL /
_cGCL
082 0 4 _a121
_bR N
100 1 _aREMNANT, PETER
245 1 0 _aNEW ESSAYS ON HUMAN UNDERSTANDING /
_cREMNANT, PETER
700 1 _aBENNETT, JONATHAN
260 _a[S.N] :
_bCAMBRIDGE UNIVERSITY PRESS ،
_c1996
300 _a527 P
650 0 4 _aHUMAN UNDERSTANDING
650 0 4 _aESSAYS
650 0 4 _aKNOWLEDGE THEORY
942 _2ddc
_cBK
999 _c13764
_d13764